Bio-nanotechnology : (رقم التسجيلة. 31776)
[ عرض عادي ]
| 000 -الفاتح | |
|---|---|
| حقل البيانات ثابتة الطول | 01242cam a22003858a 4500 |
| 001 - رقم الضبط | |
| رقم الضبط | 17353641 |
| 003 - محدد رقم الضبط | |
| رقم الضبط | OSt |
| 005 - وقت وتاريخ اخر تعامل مع التسجيلة | |
| رقم الضبط | 20150408114148.0 |
| 008 - عناصر البيانات ثابتة الطول - معلومات عامة | |
| حقل البيانات ثابتة الطول | 120618s2013 enk b 001 0 eng |
| 010 ## - رقم ضبط مكتبة الكونجرس | |
| رقم ضبط مكتبة الكونجرس | 2012024776 |
| 020 ## - الرقم الدولى المعيارى للكتب | |
| الرقم الدولى المعيارى للكتاب | 9780470670378 (hardback : alk. paper) |
| 020 ## - الرقم الدولى المعيارى للكتب | |
| الرقم الدولى المعيارى للكتاب | 9781439852149 |
| 020 ## - الرقم الدولى المعيارى للكتب | |
| الرقم الدولى المعيارى للكتاب | 9781118451922 (emobi) |
| 020 ## - الرقم الدولى المعيارى للكتب | |
| الرقم الدولى المعيارى للكتاب | 9781118451939 (epub) |
| 020 ## - الرقم الدولى المعيارى للكتب | |
| الرقم الدولى المعيارى للكتاب | 9781118451915 (obook) |
| 035 ## - رقم ضبط النظام | |
| رقم ضبط النظام | (DNLM)101586451 |
| 040 ## - مصدر الفهرسة | |
| وكالة الفهرسة الأصلية | DNLM/DLC |
| وكالة النسخ | DLC |
| 042 ## - رمز التحقق | |
| رمز التحقق | pcc |
| 060 10 - رقم الطلب بالمكتبة الطبية الوطنية | |
| رقم التصنيف | QT 36.5 |
| 082 00 - رقم تصنيف ديوى العشرى | |
| رقم التصنيف | 610.284 |
| رقم الطبعة | 23 |
| رقم المادة | BIN |
| 245 00 - بيان العنوان | |
| العنوان | Bio-nanotechnology : |
| بقية العنوان | concepts and applications // |
| بيان المسئوليه,etc | edited by Debasis Bagchi ... [et al.]. |
| 260 ## - PUBLICATION, DISTRIBUTION, ETC. (IMPRINT) | |
| مكان الناشر او الموزع | Chichester, West Sussex : |
| اسم الناشر او الموزع | Wiley-Blackwell, |
| تاريخ النشر أو التوزيع | 2013. |
| 263 ## - تاريخ النشر المتوقع | |
| تاريخ النشر المتوقع | 1212 |
| 300 ## - الوصف المادى | |
| التعداد | p. ; |
| أبعاد الوعاء | cm. |
| 490 1# - بيان السلسلة | |
| عنوان السلسلة | Functional food science and technology series |
| 504 ## - تبصرة ببليوجرافية | |
| تبصرة ببليوجرافية,الخ | Includes bibliographical references and index. |
| 650 12 - المدخل الاضافى بالموضوع-مصطلح موضوعى | |
| مصطلح موضوعي أو اسم جغرافي كعنصر مدخل | Nanotechnology. |
| 650 22 - المدخل الاضافى بالموضوع-مصطلح موضوعى | |
| مصطلح موضوعي أو اسم جغرافي كعنصر مدخل | Biomedical Technology. |
| 650 22 - المدخل الاضافى بالموضوع-مصطلح موضوعى | |
| مصطلح موضوعي أو اسم جغرافي كعنصر مدخل | Biomimetic Materials. |
| 9 (RLIN) | 39123 |
| 650 22 - المدخل الاضافى بالموضوع-مصطلح موضوعى | |
| مصطلح موضوعي أو اسم جغرافي كعنصر مدخل | Food Technology. |
| 9 (RLIN) | 39124 |
| 700 1# - المدخل الاضافى - اسم شخصى | |
| الإسم الشخصى | Bagchi, Debasis, |
| التواريخ المصاحبة للاسم | 1954- |
| 9 (RLIN) | 39125 |
| 830 #0 - المدخل الاضافى بالسلسلة -عنوان موحد | |
| عنوان موحد | Functional food science and technology series. |
| 9 (RLIN) | 39126 |
| 906 ## - عنصر بيانات محلى F, LDF (RLIN) | |
| a | 7 |
| b | cbc |
| c | orignew |
| d | 1 |
| e | ecip |
| f | 20 |
| g | y-gencatlg |
| 942 ## - عناصر المدخل الإضافي( كوها) | |
| مصدر التصنيف او مخطط الترفيف | Dewey Decimal Classification |
| Koha [default] item type | كتاب |
| حالة الفقد | نموذج السعر الفعال | حالة تلف | ليس للاعارة | رقم الطلب | تاريخ الاكتساب | الموقع الحالي | الباركود | الفرع الرئيسي | Date last seen | نوع المادة فى نظام كوها | مصدر التصنيف او خطة الترفيف | Total Checkouts |
|---|---|---|---|---|---|---|---|---|---|---|---|---|
| 2013-11-03 | 610.284 BIN | 2013-11-03 | المكتبة المركزية بالمجمعة (CL) | 00404087 | المكتبة المركزية بالمجمعة (CL) | 2013-11-03 | كتاب | Dewey Decimal Classification | ||||
| 2013-11-03 | 610.284 BIN | 2013-11-03 | المكتبة المركزية بالمجمعة (CL) | 00404088 | المكتبة المركزية بالمجمعة (CL) | 2013-11-03 | كتاب | Dewey Decimal Classification | ||||
| 2013-11-03 | 610.284 BIN | 2013-11-03 | المكتبة المركزية بالمجمعة (CL) | 00404089 | المكتبة المركزية بالمجمعة (CL) | 2013-11-03 | كتاب | Dewey Decimal Classification | ||||
| 2013-11-03 | 610.284 BIN | 2013-11-03 | كلية الشريعة والقانون - طلاب | 00404095 | كلية الشريعة والقانون - طلاب | 2013-11-03 | كتاب | Dewey Decimal Classification | ||||
| 2013-11-03 | 610.284 BIN | 2013-11-03 | كلية الشريعة والقانون - طلاب | 00404096 | كلية الشريعة والقانون - طلاب | 2013-11-03 | كتاب | Dewey Decimal Classification | ||||
| 2013-11-03 | 610.284 BIN | 2013-11-03 | مكتبة كلية العلوم الطبية التطبيقية بالمجمعة - طالبات (AMF) | 00404093 | مكتبة كلية العلوم الطبية التطبيقية بالمجمعة - طالبات (AMF) | 2013-11-03 | كتاب | Dewey Decimal Classification | ||||
| 2013-11-03 | 610.284 BIN | 2013-11-03 | مكتبة كلية العلوم الطبية التطبيقية بالمجمعة - طالبات (AMF) | 00404094 | مكتبة كلية العلوم الطبية التطبيقية بالمجمعة - طالبات (AMF) | 2013-11-03 | كتاب | Dewey Decimal Classification | ||||
| 2013-11-03 | 610.284 BIN | 2013-11-03 | مكتبة مجمع الكليات بالزلفى - طلاب (SZM) | 00404090 | مكتبة مجمع الكليات بالزلفى - طلاب (SZM) | 2013-11-03 | كتاب | Dewey Decimal Classification | ||||
| 2013-11-03 | 610.284 BIN | 2013-11-03 | مكتبة مجمع الكليات بالزلفى - طلاب (SZM) | 00404091 | مكتبة مجمع الكليات بالزلفى - طلاب (SZM) | 2013-11-03 | كتاب | Dewey Decimal Classification | ||||
| 2013-11-03 | 610.284 BIN | 2013-11-03 | مكتبة مجمع الكليات بالزلفى - طلاب (SZM) | 00404092 | مكتبة مجمع الكليات بالزلفى - طلاب (SZM) | 2013-11-03 | كتاب | Dewey Decimal Classification |
